[Event "POL-chT IV GrB"]
[Site "Konin"]
[Date "2011.02.06"]
[Round "3"]
[White "Banach, Szymon"]
[Black "Krolak, Dominika"]
[Result "1-0"]
[WhiteElo "1771"]
[BlackElo "1496"]
[PlyCount "33"]
[EventDate "2011.01.23"]
[EventType "team-tourn"]
[EventRounds "9"]
[EventCountry "POL"]
[SourceTitle "EXT 2019"]
[Source "ChessBase"]
[SourceDate "2018.10.10"]
[SourceVersion "1"]
[SourceVersionDate "2018.10.10"]
[SourceQuality "1"]
[WhiteTeam "Gniezno LKS Chrobry III"]
[BlackTeam "Slesin M-GOK Gambit"]
[WhiteTeamCountry "POL"]
[BlackTeamCountry "POL"]

1. e4 c5 2. Nc3 Nc6 3. f4 d6 4. Nf3 g6 5. Bc4 Bg7 6. d3 e6 7. 0-0 Nge7 8. Qe1 0-0 9. Qh4 Nd4 10. f5 exf5 11. Bh6 Nec6 12. Ng5 Qf6 13. Nd5 Qe5 14. Bxg7 Qxg7 15. Nf6+ Kh8 16. Ngxh7 Ne2+ 17. Kh1 1-0

[Event "Rewal op-B 15th"]
[Site "Rewal"]
[Date "2010.08.27"]
[Round "9"]
[White "Krolak, Dominika"]
[Black "Paszewski, Mateusz"]
[Result "0-1"]
[WhiteElo "1443"]
[BlackElo "1834"]
[PlyCount "56"]
[EventDate "2010.08.18"]
[EventType "swiss"]
[EventRounds "9"]
[EventCountry "POL"]
[SourceTitle "EXT 2014"]
[Source "ChessBase"]
[SourceDate "2013.11.20"]
[SourceVersion "1"]
[SourceVersionDate "2013.11.20"]
[SourceQuality "1"]

1. d4 d5 2. c4 c6 3. Nc3 Nf6 4. Nf3 e6 5. Bf4 dxc4 6. Bd2 b5 7. a3 Bb7 8. e3 Nbd7 9. b3 cxb3 10. Qxb3 Bd6 11. Be2 0-0 12. 0-0 a6 13. e4 e5 14. dxe5 Nxe5 15. Rad1 Qc7 16. g3 Rfe8 17. Nxe5 Bxe5 18. Bf3 Bxc3 19. Bxc3 Nxe4 20. Bd4 c5 21. Qc2 Ng5 22. Bxb7 Qxb7 23. f3 cxd4 24. Qf5 Ne6 25. h4 Red8 26. Rd2 Qd5 27. Qg4 d3 28. Rfd1 Nc5 0-1

[Event "Rewal op-B 15th"]
[Site "Rewal"]
[Date "2010.08.24"]
[Round "5"]
[White "Krolak, Dominika"]
[Black "Sowa, Martyna"]
[Result "0-1"]
[WhiteElo "1443"]
[BlackElo "1693"]
[PlyCount "51"]
[EventDate "2010.08.18"]
[EventType "swiss"]
[EventRounds "9"]
[EventCountry "POL"]
[SourceTitle "EXT 2014"]
[Source "ChessBase"]
[SourceDate "2013.11.20"]
[SourceVersion "1"]
[SourceVersionDate "2013.11.20"]
[SourceQuality "1"]

1. d4 Nf6 2. c4 g6 3. Nc3 d5 4. Bf4 Bg7 5. e3 0-0 6. Nb5 Na6 7. Nf3 c6 8. Nc3 Bf5 9. Nh4 Bd7 10. h3 Nh5 11. Bh2 e5 12. Nf3 exd4 13. Nxd4 c5 14. Nb3 Bc6 15. Be2 d4 16. exd4 cxd4 17. Nb5 Bxb5 18. cxb5 Nb4 19. 0-0 Qf6 20. Bxh5 gxh5 21. Qxh5 d3 22. Qd1 Qxb2 23. Bd6 Qa3 24. Bxf8 Rxf8 25. Rb1 Qxa2 26. Qxd3 0-1

[Event "POL-chT4B 0910"]
[Site "Wielkoposka"]
[Date "2010.02.07"]
[Round "4"]
[White "Wisniewski, Emil"]
[Black "Krolak, Dominika"]
[Result "1-0"]
[WhiteElo "1881"]
[BlackElo "1447"]
[PlyCount "65"]
[EventDate "2010.01.10"]
[EventType "team-tourn"]
[EventRounds "9"]
[EventCountry "POL"]
[SourceTitle "EXT 2019"]
[Source "ChessBase"]
[SourceDate "2018.10.10"]
[SourceVersion "1"]
[SourceVersionDate "2018.10.10"]
[SourceQuality "1"]
[WhiteTeam "Gniezno LKS Chrobry II"]
[BlackTeam "Slesin M-GOK Gambit"]
[WhiteTeamCountry "POL"]
[BlackTeamCountry "POL"]

1. e4 c5 2. Nc3 Nc6 3. f4 d6 4. Nf3 e6 5. Bb5 Bd7 6. 0-0 g6 7. d3 Bg7 8. f5 exf5 9. Qe1 fxe4 10. dxe4 Nge7 11. Qh4 Nd4 12. Bd3 Qb6 13. Nxd4 Bxd4+ 14. Kh1 Be6 15. Bg5 Ng8 16. Rae1 h6 17. Be3 c4 18. Na4 Qb5 19. Bxd4 Qxa4 20. Bxh8 cxd3 21. cxd3 Qxa2 22. Bc3 Qa4 23. d4 a6 24. d5 Bd7 25. Qf4 f6 26. Bxf6 g5 27. Qxd6 Bb5 28. Qe6+ Kf8 29. Be7+ Kg7 30. Rf7+ Kh8 31. Bf6+ Nxf6 32. Qxf6+ Kg8 33. Qg7# 1-0